| 000 | 00672nam a2200205 a 4500 | ||
|---|---|---|---|
| 005 | 20210223130754.0 | ||
| 008 | 081103s1987 mx r 000 0 spa d | ||
| 035 | _aUPN01000164817 | ||
| 049 | _aUNE | ||
| 080 | _a373.3 (65) =20 BEN No.176. | ||
| 100 | 1 |
_aBensalah, Kacem _943105 |
|
| 245 | 1 | 0 |
_aPrimary boarding schools for the children of nomands : _ban Algerian experience / _cby Kacem Bensalah. |
| 260 |
_aParís : _bUNESCO ; _aNew York : _bUNICEF, _c1987. |
||
| 300 |
_a21 p. : _bil. |
||
| 440 | 0 |
_aNotes, comments... ; _v176 |
|
| 690 | _aEnseñanza primaria - Argelia | ||
| 710 | 2 |
_aUNICEF _924085 |
|
| 710 | 2 | _aPrograma de Alimentación Mundial | |
| 905 | _aUNESCO | ||
| 999 |
_c136929 _d136929 |
||